000 00912nam a2200265Ia 4500
001 Para_2715
003 CHAP
008 220125s9999 xx 000 0 und d
010 _a201309
040 _cCHAP
082 _aPA-C 595.77 D5
100 _aAldrich, John Merton
_93721
245 _aNew species of two-winged flies of the family cyrbidae, with a new genus from the philippines /
_c by J. M. Aldrich
300 _a4 p.
440 _aDiptera; 1
_9166205
500 _aSobretiro de: Proceedings U. S. National Museum 72 (2705): 1-4 Encuadernado con: Key bo gall midges (A resume of studies I-VII, itonididae) Ephraim Porter Lelf 70-201
650 _aDipteros
_x Colecciones de escritos Cyrtidae
_9166208
901 _aPA-C 595.77 D5
902 _aA
905 _a000000 0000000000 00
910 _a
942 _cPARA
942 _cPARA
_d1
999 _c201309
_d201309